000 00207 a2200097 4500
001 25500
100 _aSmirnov, L P
245 _aCable installation
260 _a
_bMir Puublishers
_c
090 _c17224
_d17224
942 _aNUST-CAE
_cM
_c8030
999 _c260573
_d260573